| 000 | 01058cam a22002895i 4500 | ||
|---|---|---|---|
| 999 |
_c16200 _d16200 |
||
| 003 | EG-ScBUE | ||
| 005 | 20210203111101.0 | ||
| 008 | 111113q1999 ua g 000 0f ara d | ||
| 017 | _a99 / 18014 | ||
| 020 | _a9770808784 | ||
| 040 |
_aEG-ScBUE _bara _erda _cEG-ScBUE _dEG-ScBUE |
||
| 082 | 0 | 4 |
_a892.736 _bع ب د _222 |
| 100 | 1 |
_aعبد القدوس، إحسان، _d1919-1990، _eمؤلف. |
|
| 245 | 1 | 0 |
_aأنا حرة / _cإحسان عبد القدوس. |
| 250 | _aالطبعة الثانية. | ||
| 260 |
_aالقاهرة : _bدار أخبار اليوم،[1999] _c[1999] |
||
| 264 | 1 |
_aالقاهرة : _bدار أخبار اليوم، قطاع الثقافة، _c[1999] |
|
| 300 |
_a191 صفحة ؛ _c20 سم |
||
| 336 |
_aنص _btxt _2rdacontent |
||
| 337 |
_aبدون وسيط _bn _2rdamedia |
||
| 338 |
_aمجلد _bnc _2rdacarrier |
||
| 490 | 0 | _aمكتبة إحسان عبد القدوس الكاملة | |
| 650 | 7 |
_aالقصص العربية _yقرن 20. _2BUEsh |
|
| 651 | _2BUEsh | ||
| 653 |
_bARALIT _bGGEN _cNovember2011 |
||
| 942 |
_2ddc _cBB |
||